Public administration in india / (Record no. 157759)

MARC details
000 -LEADER
fixed length control field 00631nam a22002057a 4500
005 - DATE AND TIME OF LATEST TRANSACTION
control field 20180928143045.0
010 ## - LCCN (DPL NO)
LC control number ENG-124084
020 ## - INTERNATIONAL STANDARD BOOK NUMBER
International Standard Book Number 9789387472914
Terms of availability 425.00
035 ## - SYSTEM CONTROL NUMBER
System control number EN-107616
037 ## - SOURCE OF ACQUISITION
Source of stock number/acquisition DBAD/PUB
082 ## - DEWEY DECIMAL CLASSIFICATION NUMBER
Classification number 351.54
100 ## - MAIN ENTRY--PERSONAL NAME
Personal name Sarkar, Siuli
245 ## - TITLE STATEMENT
Title Public administration in india /
Statement of responsibility, etc by Siuli Sarkar
250 ## - EDITION STATEMENT
Edition statement 2nd ed.
260 ## - PUBLICATION, DISTRIBUTION, ETC. (IMPRINT)
Date of publication, distribution, etc 2018
Place of publication, distribution, etc Delhi
Name of publisher, distributor, etc PHI Learning Pvt. Ltd.
270 ## - ADDRESS
City Delhi
Address Rimjhim House, 111, Patparganj Industrial Estate,
Postal code 110092
300 ## - PHYSICAL DESCRIPTION
Extent xvi,460p.
Dimensions 24cm.(pbk)
500 ## - GENERAL NOTE
General note It includes name index and subject index
942 ## - ADDED ENTRY ELEMENTS (KOHA)
Source of classification or shelving scheme Dewey Decimal Classification
Item type English Books
Classification part 351.54
Call number suffix SAR
Holdings
Withdrawn status Lost status Not for loan Collection code Home library Current library Date acquired Source of acquisition Cost, normal purchase price Full call number Barcode Copy number Cost, replacement price Koha item type
    Not For Loan Non-fiction D.B.Act.Division Sarojini Nagar 28/09/2018 DBAD/PUB 425.00 351.54 SAR EN-107616 1 425.00 English Books

© Delhi Public Library
Hit Counter
free hit counter